[Event "Montcalm op"]
[Site "Quebec CAN"]
[Date "2003.01.11"]
[Round "3"]
[White "Caire, Francois"]
[Black "Lowinger, Daniel"]
[Result "1-0"]
[WhiteElo "2061"]
[BlackElo "1957"]
[PlyCount "111"]
[EventDate "2003.01.10"]
[EventType "swiss"]
[EventRounds "5"]
[EventCountry "CAN"]

1. Nf3 Nf6 2. c4 e6 3. d4 b6 4. Nc3 Ba6 5. e4 Bb4 6. Bd3 c5 7. e5 Ng4 8. d5 f6
9. h3 Nxe5 10. Nxe5 fxe5 11. Qh5+ Kf8 12. dxe6 dxe6 13. Qf3+ Kg8 14. Be4 Bxc4
15. Bxa8 Bd5 16. Bxd5 exd5 17. O-O e4 18. Qf5 Bxc3 19. bxc3 Qd7 20. Qxd7 Nxd7
21. Rd1 Kf7 22. Rxd5 Ke6 23. Rd1 Ne5 24. Re1 Kd5 25. Bg5 h6 26. Bh4 b5 27.
Rad1+ Nd3 28. f3 Kc4 29. Rxe4+ Kxc3 30. Be1+ Nxe1 31. Rdxe1 c4 32. Kf2 a5 33.
R4e3+ Kb4 34. Ke2 Ka4 35. Rc1 Rc8 36. Rec3 Re8+ 37. Kd2 Rd8+ 38. Kc2 Re8 39.
Kb2 Re2+ 40. R1c2 Re1 41. Rd2 Rg1 42. Rcc2 g5 43. Rd6 b4 44. Rxc4 Rxg2+ 45. Rc2
Rg3 46. Rxh6 Rxf3 47. Rh2 Kb5 48. Rh5 a4 49. Rxg5+ Kb6 50. h4 a3+ 51. Kc2 Rc3+
52. Kb1 Rf3 53. h5 Rf1+ 54. Kc2 Ra1 55. Kb3 Rb1+ 56. Ka4 1-0

[Event "Montcalm op"]
[Site "Quebec CAN"]
[Date "2003.01.11"]
[Round "3"]
[White "Delisle, Louis-Martin"]
[Black "Bourassa, Andre"]
[Result "1-0"]
[WhiteElo "1547"]
[BlackElo "1679"]
[PlyCount "48"]
[EventDate "2003.01.10"]
[EventType "swiss"]
[EventRounds "5"]
[EventCountry "CAN"]

1. f4 d5 2. Nf3 d4 3. g3 b6 4. Bg2 Bb7 5. d3 f5 6. O-O Nf6 7. Qe1 c5 8. Na3 a6
9. Nc4 Nc6 10. Bd2 Qc7 11. Ng5 Bc8 12. e4 h6 13. e5 hxg5 14. exf6 gxf6 15. fxg5
fxg5 16. Bxg5 Bb7 17. Bf4 Qd8 18. Nd6+ Kd7 19. Nf7 Qe8 20. Bxc6+ Bxc6 21. Qe5
Rc8 22. Nxh8 Qh5 23. Rae1 Qh3 24. Qe6+ Kd8 1-0

[Event "Montcalm op"]
[Site "Quebec CAN"]
[Date "2003.01.11"]
[Round "3"]
[White "Forget, Luc"]
[Black "Saint Amand, Paul"]
[Result "0-1"]
[WhiteElo "1982"]
[BlackElo "2128"]
[PlyCount "62"]
[EventDate "2003.01.10"]
[EventType "swiss"]
[EventRounds "5"]
[EventCountry "CAN"]

1. c4 Nf6 2. Nf3 c5 3. Nc3 Nc6 4. d4 cxd4 5. Nxd4 e6 6. Ndb5 Bc5 7. Nd6+ Ke7 8.
Nce4 Nxe4 9. Nxe4 Bb4+ 10. Bd2 d5 11. Bxb4+ Nxb4 12. Nd2 Qd6 13. a3 Nc6 14. Rc1
dxc4 15. Nxc4 Qxd1+ 16. Rxd1 Rd8 17. e3 Rxd1+ 18. Kxd1 Bd7 19. Be2 Rc8 20. Bd3
b5 21. Nd2 Ne5 22. Be2 Bc6 23. f4 Nd7 24. Bf3 Bxf3+ 25. Nxf3 Nc5 26. Kc2 Na4+
27. Kb1 Nb6 28. Rd1 f6 29. Rd3 a6 30. Nd2 Nc4 31. Rc3 Nxd2+ 0-1

[Event "Montcalm op"]
[Site "Quebec CAN"]
[Date "2003.01.11"]
[Round "3"]
[White "Marquis, Paul"]
[Black "Angers, Gilles"]
[Result "1/2-1/2"]
[WhiteElo "1940"]
[BlackElo "2013"]
[PlyCount "38"]
[EventDate "2003.01.10"]
[EventType "swiss"]
[EventRounds "5"]
[EventCountry "CAN"]

1. d4 Nf6 2. c4 c5 3. d5 b5 4. cxb5 a6 5. b6 e6 6. Nc3 Bb7 7. e4 exd5 8. exd5
d6 9. a4 a5 10. Bb5+ Nbd7 11. b3 Be7 12. Bb2 O-O 13. Nf3 Nxb6 14. Bc4 Qd7 15.
Qd3 Qg4 16. O-O Nh5 17. h3 Qd7 18. Rad1 Nf4 19. Qe4 Ng6 1/2-1/2

[Event "Montcalm op"]
[Site "Quebec CAN"]
[Date "2003.01.11"]
[Round "3"]
[White "Sauve, Richard"]
[Black "Filiatreault, Michel"]
[Result "1-0"]
[WhiteElo "2011"]
[BlackElo "1854"]
[PlyCount "85"]
[EventDate "2003.01.10"]
[EventType "swiss"]
[EventRounds "5"]
[EventCountry "CAN"]

1. d4 Nf6 2. c4 e6 3. Nc3 d5 4. cxd5 exd5 5. Bg5 Be7 6. e3 h6 7. Bh4 O-O 8. Bd3
Bg4 9. Qb3 Nbd7 10. Qxb7 Rb8 11. Qxa7 Rxb2 12. f3 Be6 13. Nge2 c5 14. Na4 Rb8
15. Bxf6 gxf6 16. Nxc5 Bxc5 17. dxc5 Ra8 18. Qb7 Qa5+ 19. Kf2 Rfb8 20. Qc6 Nxc5
21. Rhd1 Nxd3+ 22. Rxd3 Rb6 23. Qc3 Qa6 24. Nd4 Rc8 25. Qa3 Qc4 26. Rd2 Qc7 27.
g3 h5 28. Qd3 Qe5 29. a4 h4 30. a5 Rbb8 31. Kg1 Bf5 32. Qe2 Rc3 33. Nxf5 Qxf5
34. g4 Qe5 35. Re1 Rbb3 36. a6 Rxe3 37. a7 Rxe2 38. a8=Q+ Kg7 39. Rdxe2 Qd4+
40. Kg2 Qf4 41. Qxd5 h3+ 42. Kg1 Rxf3 43. Qe4 1-0

[Event "Montcalm op"]
[Site "Quebec CAN"]
[Date "2003.01.12"]
[Round "4"]
[White "Angers, Gilles"]
[Black "Auger, Bertrand"]
[Result "1/2-1/2"]
[WhiteElo "2013"]
[BlackElo "2091"]
[PlyCount "46"]
[EventDate "2003.01.10"]
[EventType "swiss"]
[EventRounds "5"]
[EventCountry "CAN"]

1. e4 e6 2. d4 d5 3. Nc3 Bb4 4. e5 Qd7 5. Bd2 b6 6. Bb5 c6 7. Ba4 Bxc3 8. Bxc3
b5 9. Bb3 a5 10. a3 Nh6 11. Bd2 Nf5 12. c3 c5 13. Nf3 cxd4 14. Nxd4 Nxd4 15.
cxd4 Nc6 16. Qg4 O-O 17. Bg5 Kh8 18. Bc2 f5 19. exf6 gxf6 20. Be3 e5 21. Qxd7
Bxd7 22. Bd1 Be6 23. Bb3 Rfd8 1/2-1/2

[Event "Montcalm op"]
[Site "Quebec CAN"]
[Date "2003.01.12"]
[Round "4"]
[White "Beaudoin, Stephane"]
[Black "Marquis, Paul"]
[Result "0-1"]
[WhiteElo "2010"]
[BlackElo "1940"]
[PlyCount "82"]
[EventDate "2003.01.10"]
[EventType "swiss"]
[EventRounds "5"]
[EventCountry "CAN"]

1. e4 d6 2. d4 Nf6 3. Nc3 g6 4. f4 Bg7 5. Nf3 c5 6. dxc5 Qa5 7. Bd3 Qxc5 8. Qe2
Bg4 9. Be3 Qa5 10. O-O Nc6 11. Qf2 O-O 12. Nd2 Bd7 13. h3 Nb4 14. g4 Nxd3 15.
cxd3 Bb5 16. Nb3 Qa6 17. Nxb5 Qxb5 18. Rad1 a5 19. Nd4 Qb4 20. a3 Qa4 21. Nf3
Rac8 22. Rd2 b5 23. f5 b4 24. axb4 axb4 25. Qh4 Rc2 26. fxg6 fxg6 27. Ng5 Rxd2
28. Bxd2 Qc2 29. Bxb4 Qxb2 30. Be1 Qd4+ 31. Kg2 Qxd3 32. Bg3 h6 33. Rf3 hxg5
34. Rxd3 gxh4 35. Bxh4 Kf7 36. Rf3 Ke6 37. Re3 Rc8 38. e5 dxe5 39. Bg3 Nd7 40.
h4 Rc2+ 41. Kf1 Rc4 0-1

[Event "Montcalm op"]
[Site "Quebec CAN"]
[Date "2003.01.12"]
[Round "4"]
[White "Bourassa, Andre"]
[Black "Fillion, Nicolas"]
[Result "1-0"]
[WhiteElo "1679"]
[BlackElo "1529"]
[PlyCount "81"]
[EventDate "2003.01.10"]
[EventType "swiss"]
[EventRounds "5"]
[EventCountry "CAN"]

1. d4 Nf6 2. c4 g6 3. Nc3 Bg7 4. e4 d6 5. f4 O-O 6. Nf3 c5 7. d5 e6 8. Be2 exd5
9. exd5 Na6 10. O-O Ne8 11. Bd2 Nac7 12. Bd3 f5 13. Qc2 a6 14. Rae1 Nf6 15. a4
Bd7 16. h3 b5 17. axb5 axb5 18. b3 bxc4 19. bxc4 Na6 20. Nb5 Bxb5 21. cxb5 Nc7
22. Qb3 Qb8 23. Bc4 Qb6 24. Re7 Rfe8 25. Rfe1 Rxe7 26. Rxe7 Kf8 27. Re1 Ne4 28.
Be3 Bc3 29. Rc1 Bb4 30. Qxb4 Rb8 31. Qb2 Kg8 32. Ng5 Nxg5 33. fxg5 Nxb5 34. Rb1
Re8 35. Bf2 Qd8 36. Bxb5 Re5 37. Bg3 Rxd5 38. Bc4 Qxg5 39. Bxd5+ Kf8 40. Bxd6+
Qe7 41. Qh8# 1-0

[Event "Montcalm op"]
[Site "Quebec CAN"]
[Date "2003.01.12"]
[Round "4"]
[White "Cote, Jocelyn"]
[Black "Forget, Luc"]
[Result "0-1"]
[WhiteElo "1860"]
[BlackElo "1982"]
[PlyCount "130"]
[EventDate "2003.01.10"]
[EventType "swiss"]
[EventRounds "5"]
[EventCountry "CAN"]

1. e4 e5 2. Bc4 Nf6 3. d3 Nc6 4. c3 Be7 5. Nf3 O-O 6. O-O d6 7. h3 a6 8. Bb3
Rb8 9. Nbd2 b5 10. a3 Na5 11. Bc2 c5 12. Re1 Nc6 13. Nf1 Re8 14. Ng3 Bf8 15.
Nh2 g6 16. Qf3 Bg7 17. Ng4 Nxg4 18. hxg4 Qh4 19. g5 Bg4 20. Qe3 Nd8 21. Bb3 Be6
22. Bd1 f6 23. gxf6 Qxf6 24. b4 Qe7 25. f3 Nc6 26. Kf2 c4 27. Bc2 Qa7 28. Rh1
Qxe3+ 29. Bxe3 Ne7 30. Rh2 d5 31. Rah1 cxd3 32. Bxd3 d4 33. cxd4 exd4 34. Bf4
Rbc8 35. Ne2 Bc4 36. Bxc4+ bxc4 37. Rxh7 Nc6 38. Bc1 Ne5 39. Rxg7+ Kxg7 40.
Nxd4 Nd3+ 41. Ke3 Nxc1 42. Rxc1 Kf6 43. f4 Rh8 44. e5+ Ke7 45. a4 Rc7 46. b5
axb5 47. axb5 Rc5 48. b6 Rb8 49. Rb1 c3 50. Kd3 c2 51. Nxc2 Rc6 52. b7 Rc7 53.
Rb6 Rbxb7 54. Rxg6 Rb3+ 55. Kd2 Rc4 56. Ne3 Rd4+ 57. Ke2 Re4 58. Rg3 Rbb4 59.
Rf3 Ra4 60. g3 Kf8 61. Kd2 Ra3 62. g4 Rb4 63. Rf2 Rb2+ 64. Nc2 Rxc2+ 65. Ke1
Ra1# 0-1

[Event "Montcalm op"]
[Site "Quebec CAN"]
[Date "2003.01.12"]
[Round "4"]
[White "Filiatreault, Michel"]
[Black "Fecteau, Martin"]
[Result "0-1"]
[WhiteElo "1854"]
[BlackElo "1968"]
[PlyCount "54"]
[EventDate "2003.01.10"]
[EventType "swiss"]
[EventRounds "5"]
[EventCountry "CAN"]

1. c4 e5 2. g3 Nf6 3. Bg2 Nc6 4. d3 Bb4+ 5. Bd2 Bxd2+ 6. Qxd2 O-O 7. Nc3 d6 8.
e4 Nd4 9. Nge2 Ne6 10. O-O c6 11. h3 g6 12. Kh2 Nh5 13. b4 f5 14. exf5 gxf5 15.
Qh6 Nhg7 16. f4 Rf6 17. Qh4 Qf8 18. fxe5 dxe5 19. Ne4 Rf7 20. Ng5 Nxg5 21. Qxg5
Qxb4 22. Rfb1 Qd6 23. Rd1 Be6 24. Rac1 Rd7 25. d4 e4 26. Nf4 Bf7 27. h4 h6 0-1

[Event "Montcalm op"]
[Site "Quebec CAN"]
[Date "2003.01.12"]
[Round "4"]
[White "Fortier, Marc-Andre"]
[Black "Boudreau, Daniel"]
[Result "0-1"]
[WhiteElo "2265"]
[BlackElo "1993"]
[PlyCount "73"]
[EventDate "2003.01.10"]
[EventType "swiss"]
[EventRounds "5"]
[EventCountry "CAN"]

1. e4 d6 2. d4 Nf6 3. Bd3 c5 4. d5 g6 5. c4 Bg7 6. Nc3 O-O 7. f4 e6 8. Nf3 exd5
9. cxd5 Re8 10. Nd2 Na6 11. O-O Rb8 12. Qf3 Nb4 13. Bb1 b5 14. h3 Qe7 15. a3
Na6 16. a4 bxa4 17. Nc4 Nd7 18. e5 dxe5 19. d6 Qe6 20. f5 Qxc4 21. Rxa4 e4 22.
Bxe4 Rb4 23. fxg6 hxg6 24. Bd5 Qd4+ 25. Kh1 Rf8 26. Bxf7+ Kh7 27. Rxb4 Nxb4 28.
Qg3 Rxf7 29. Rxf7 Ne5 30. Re7 Bd7 31. Bf4 Nbd3 32. Be3 Qxd6 33. Qh4+ Kg8 34.
Ne4 Qc6 35. Rxg7+ Kxg7 36. Qe7+ Nf7 37. Bg5 0-1

[Event "Montcalm op"]
[Site "Quebec CAN"]
[Date "2003.01.12"]
[Round "4"]
[White "Michaud, Jacques"]
[Black "Saint-Pierre, Steve"]
[Result "1/2-1/2"]
[WhiteElo "1530"]
[BlackElo "1819"]
[PlyCount "142"]
[EventDate "2003.01.10"]
[EventType "swiss"]
[EventRounds "5"]
[EventCountry "CAN"]

1. d4 e6 2. c4 Nf6 3. Nf3 d5 4. e3 c6 5. Bd3 Nbd7 6. O-O a6 7. b3 Bd6 8. Bb2
O-O 9. Nbd2 Re8 10. Ne5 Bb4 11. Ndf3 Ne4 12. Qc2 f5 13. Nxd7 Bxd7 14. Bxe4 fxe4
15. Ne5 Bd6 16. f4 exf3 17. Rxf3 Bxe5 18. dxe5 Rf8 19. Raf1 Rxf3 20. Rxf3 Qa5
21. Bc3 Qc5 22. Qd2 a5 23. Bd4 Qe7 24. c5 Be8 25. Qf2 Bg6 26. Rf4 a4 27. bxa4
Rxa4 28. Qb2 Bd3 29. Qb3 Bb5 30. Qc2 Ra7 31. Qb2 Qd8 32. a3 Qa8 33. Qf2 Qe8 34.
Qb2 Qe7 35. Rf2 Ra4 36. Rf4 Ra8 37. Rf2 Qc7 38. Bc3 Qd7 39. Bb4 Qe7 40. Qd4 Rf8
41. Rxf8+ Qxf8 42. Qf4 Qxf4 43. exf4 d4 44. Kf2 Kf7 45. Kf3 Bd3 46. Be1 Bf1 47.
Kf2 Bc4 48. Kf3 Bd5+ 49. Kf2 h5 50. h3 Be4 51. g4 g6 52. Kg3 Kg7 53. Bd2 Kh7
54. Kh4 Bf3 55. gxh5 Bxh5 56. Kg5 Kg7 57. Ba5 d3 58. Bc3 Kf7 59. Bd2 Bf3 60. h4
Be4 61. h5 gxh5 62. Kxh5 Bf5 63. Kg5 Ke7 64. a4 Kd7 65. Kf6 Kd8 66. a5 Kd7 67.
Kf7 Bg4 68. Bc3 Bh5+ 69. Kf6 Bg4 70. Kf7 Kd8 71. Kf6 Bf5 1/2-1/2

[Event "Montcalm op"]
[Site "Quebec CAN"]
[Date "2003.01.12"]
[Round "4"]
[White "Sauve, Richard"]
[Black "Caire, Francois"]
[Result "0-1"]
[WhiteElo "2011"]
[BlackElo "2061"]
[PlyCount "94"]
[EventDate "2003.01.10"]
[EventType "swiss"]
[EventRounds "5"]
[EventCountry "CAN"]

1. d4 Nf6 2. c4 e6 3. Nc3 Bb4 4. Qc2 O-O 5. a3 Bxc3+ 6. Qxc3 b6 7. Bg5 Bb7 8.
e3 d6 9. f3 Nbd7 10. Bd3 c5 11. Ne2 cxd4 12. exd4 Rc8 13. Qd2 Qc7 14. O-O e5
15. dxe5 dxe5 16. Ng3 Rfe8 17. Nf5 Re6 18. Rad1 g6 19. Ng3 Rd6 20. Qc3 b5 21.
b3 Qc5+ 22. Kh1 Qxa3 23. Ra1 Qc5 24. Be4 Nxe4 25. fxe4 bxc4 26. Be7 Rd3 27.
Qxd3 cxd3 28. Bxc5 Rxc5 29. Rxa7 Rb5 30. Ra3 Nc5 31. b4 Rxb4 32. Rc3 Nxe4 33.
Rxd3 Nxg3+ 34. hxg3 Rb2 35. Rg1 h5 36. Kh2 Kg7 37. g4 hxg4 38. Kg3 Re2 39. Rd8
Bc6 40. Rd6 Rc2 41. Rd8 f5 42. Rc8 Kf6 43. Kh4 g3 44. Kxg3 f4+ 45. Kh4 g5+ 46.
Kh5 Bf3+ 47. gxf3 Rh2+ 0-1

[Event "Montcalm op"]
[Site "Quebec CAN"]
[Date "2003.01.12"]
[Round "5"]
[White "Auger, Bertrand"]
[Black "Audet-Bouchard, Nicolas"]
[Result "1-0"]
[WhiteElo "2091"]
[BlackElo "2038"]
[PlyCount "79"]
[EventDate "2003.01.10"]
[EventType "swiss"]
[EventRounds "5"]
[EventCountry "CAN"]

1. Nf3 d5 2. g3 c5 3. Bg2 Nc6 4. c4 d4 5. O-O e5 6. d3 Bd6 7. a3 a5 8. b3 Nf6
9. Re1 O-O 10. Nbd2 Re8 11. Qc2 h6 12. Bb2 Bf5 13. e4 Be6 14. h3 Qd7 15. Kh2
Nh7 16. Nf1 Ng5 17. Ng1 Rf8 18. Bc1 f5 19. h4 Nh7 20. exf5 Rxf5 21. Bh3 Rf7 22.
Bxe6 Qxe6 23. Nh3 Raf8 24. Qe2 g5 25. Qe4 Nf6 26. Qg2 Ng4+ 27. Kg1 Nxf2 28.
Nxf2 Rxf2 29. Qd5 Qxd5 30. cxd5 Ne7 31. hxg5 h5 32. Nd2 Bb8 33. Ne4 R2f3 34. d6
Nd5 35. g6 Kg7 36. d7 Rd8 37. Kg2 Rxd3 38. Nxc5 Ne3+ 39. Bxe3 Rxe3 40. Ne6+ 1-0

[Event "Montcalm op"]
[Site "Quebec CAN"]
[Date "2003.01.12"]
[Round "5"]
[White "Bourassa, Real"]
[Black "Bourassa, Andre"]
[Result "0-1"]
[WhiteElo "1428"]
[BlackElo "1679"]
[PlyCount "122"]
[EventDate "2003.01.10"]
[EventType "swiss"]
[EventRounds "5"]
[EventCountry "CAN"]

1. e4 c5 2. Nf3 d6 3. c3 e6 4. d4 cxd4 5. Nxd4 Nf6 6. Bg5 Be7 7. Bd3 Nc6 8. Nd2
h6 9. Be3 Ne5 10. Be2 Bd7 11. O-O O-O 12. f4 Nc6 13. Rf3 Ng4 14. Nf1 Nxe3 15.
Nxe3 Qb6 16. Qb3 Nxd4 17. cxd4 Qxb3 18. axb3 Rfc8 19. Bd3 Bf6 20. e5 dxe5 21.
dxe5 Be7 22. Nc4 Bc6 23. Rff1 Rd8 24. Rad1 Bb4 25. Nd6 Kf8 26. f5 Bxd6 27. exd6
Rxd6 28. fxe6 Rxe6 29. Bc4 Re7 30. Rf2 Rc8 31. Rd6 Re1+ 32. Rf1 Rxf1+ 33. Kxf1
f6 34. Kf2 Ke7 35. Re6+ Kd7 36. Re3 Kd6 37. g3 Kc5 38. Re7 Rd8 39. Rxg7 Rd2+
40. Ke3 Rxb2 41. h4 b5 42. Bg8 Bd5 43. Bxd5 Kxd5 44. Rxa7 Rxb3+ 45. Kf4 Rb1 46.
Rh7 b4 47. Rxh6 b3 48. Rh8 b2 49. Rb8 Rf1+ 50. Kg4 b1=Q 51. Rxb1 Rxb1 52. Kf5
Rf1+ 53. Kg6 Ke6 54. g4 Rf4 55. h5 Rxg4+ 56. Kh7 f5 57. h6 Kf6 58. Kh8 Rh4 59.
h7 f4 60. Kg8 f3 61. h8=Q+ Rxh8+ 0-1

[Event "Montcalm op"]
[Site "Quebec CAN"]
[Date "2003.01.12"]
[Round "5"]
[White "Caire, Francois"]
[Black "Saint Amand, Paul"]
[Result "1/2-1/2"]
[WhiteElo "2061"]
[BlackElo "2128"]
[PlyCount "34"]
[EventDate "2003.01.10"]
[EventType "swiss"]
[EventRounds "5"]
[EventCountry "CAN"]

1. d4 Nf6 2. c4 e5 3. dxe5 Ng4 4. Bf4 Bb4+ 5. Nd2 Nc6 6. Ngf3 Qe7 7. a3 Ngxe5
8. Nxe5 Nxe5 9. e3 Bxd2+ 10. Qxd2 d6 11. Be2 b6 12. O-O Bb7 13. b4 O-O 14. c5
dxc5 15. bxc5 Rad8 16. Qc3 Rd5 17. cxb6 cxb6 1/2-1/2

[Event "Montcalm op"]
[Site "Quebec CAN"]
[Date "2003.01.12"]
[Round "5"]
[White "Godbout, Mathieu"]
[Black "Fecteau, Martin"]
[Result "0-1"]
[WhiteElo "1720"]
[BlackElo "1968"]
[PlyCount "44"]
[EventDate "2003.01.10"]
[EventType "swiss"]
[EventRounds "5"]
[EventCountry "CAN"]

1. d4 Nf6 2. c4 e6 3. Nf3 b6 4. g3 Bb7 5. Bg2 Bb4+ 6. Bd2 Bxd2+ 7. Nbxd2 O-O 8.
O-O d6 9. Qc2 Nbd7 10. e4 e5 11. d5 a5 12. b3 g6 13. Nh4 Nh5 14. f4 exf4 15. g4
Qxh4 16. gxh5 Qxh5 17. Rxf4 Ne5 18. Qd1 Qg5 19. Qf1 Bc8 20. Kh1 Bg4 21. Rf2 Bh5
22. a4 Ng4 0-1

[Event "Montcalm op"]
[Site "Quebec CAN"]
[Date "2003.01.12"]
[Round "5"]
[White "Marquis, Paul"]
[Black "Fortier, Marc-Andre"]
[Result "0-1"]
[WhiteElo "1940"]
[BlackElo "2265"]
[PlyCount "64"]
[EventDate "2003.01.10"]
[EventType "swiss"]
[EventRounds "5"]
[EventCountry "CAN"]

1. d4 g6 2. c4 Bg7 3. e4 d6 4. Nc3 Nd7 5. Nf3 e5 6. Be2 Ne7 7. O-O O-O 8. dxe5
Nxe5 9. Nxe5 Bxe5 10. f4 Bg7 11. Nd5 Nxd5 12. Qxd5 c6 13. Qd3 f5 14. Bf3 Qb6+
15. Kh1 fxe4 16. Bxe4 Be6 17. Rb1 Rad8 18. f5 gxf5 19. Bxf5 Bxf5 20. Rxf5 Rxf5
21. Qxf5 Rf8 22. Qe6+ Kh8 23. Be3 Qa5 24. Qxd6 Qxa2 25. Qd3 Kg8 26. b4 b5 27.
cxb5 cxb5 28. Rc1 a6 29. h3 Qe6 30. Rc7 Qe5 31. Rd7 Qf5 32. Bd4 Qxd7 0-1

[Event "Montcalm op"]
[Site "Quebec CAN"]
[Date "2003.01.12"]
[Round "5"]
[White "Papineau (Granby), Daniel"]
[Black "Forget, Luc"]
[Result "1/2-1/2"]
[WhiteElo "1985"]
[BlackElo "1863"]
[PlyCount "92"]
[EventDate "2003.01.10"]
[EventType "swiss"]
[EventRounds "5"]
[EventCountry "CAN"]

1. d4 Nf6 2. c4 e6 3. Nc3 Bb4 4. f3 c5 5. d5 exd5 6. cxd5 d6 7. e4 O-O 8. Bd3
Re8 9. Nge2 Nbd7 10. O-O Ne5 11. Bc2 a6 12. Bf4 b5 13. h3 Ra7 14. Bh2 Rb7 15.
f4 Bxc3 16. Nxc3 Nc4 17. Re1 b4 18. Na4 Bd7 19. e5 Bxa4 20. Bxa4 Nxb2 21. Qb3
Nxa4 22. exf6 Nc3 23. Qc4 gxf6 24. f5 Rbe7 25. Qg4+ Kh8 26. Rxe7 Qxe7 27. Kh1
Qe4 28. Bxd6 Qxd5 29. Bh2 Rg8 30. Qf3 Qxf3 31. gxf3 Rg5 32. Bd6 Rxf5 33. Re1
Nxa2 34. Bf8 h5 35. Re8 Kh7 36. Kg2 Rg5+ 37. Kf2 Rg8 38. Ke3 c4 39. Kd4 c3 40.
Re2 b3 41. Ba3 Ra8 42. Kc4 Rc8+ 43. Kxb3 Rd8 44. Rxa2 Rd3 45. Be7 Rxf3 46. Rxa6
Rxh3 1/2-1/2

[Event "Montcalm-ch"]
[Site "Quebec CAN"]
[Date "2003.05.01"]
[Round "1"]
[White "Audet-Bouchard, Nicolas"]
[Black "Grant, James"]
[Result "1-0"]
[WhiteElo "2098"]
[BlackElo "1680"]
[PlyCount "43"]
[EventDate "2003.05.01"]
[EventType "tourn"]
[EventRounds "5"]
[EventCountry "CAN"]

1. e4 e5 2. Nf3 Nc6 3. Bb5 a6 4. Ba4 Nf6 5. O-O Be7 6. Qe2 b5 7. Bb3 Bb7 8. c3
d6 9. d4 Nd7 10. Rd1 Bf6 11. a4 Na5 12. Bc2 c6 13. Nbd2 c5 14. dxc5 Nxc5 15. b4
Nxa4 16. Bxa4 bxa4 17. bxa5 Qxa5 18. Nc4 Qxc3 19. Nxd6+ Kf8 20. Bb2 Qc7 21.
Rac1 Qb6 22. Qc4 1-0

[Event "Montcalm-ch"]
[Site "Quebec CAN"]
[Date "2003.05.01"]
[Round "1"]
[White "Bourassa, Real"]
[Black "Martineau, Michel"]
[Result "0-1"]
[WhiteElo "1703"]
[BlackElo "1898"]
[PlyCount "60"]
[EventDate "2003.05.01"]
[EventType "tourn"]
[EventRounds "5"]
[EventCountry "CAN"]

1. e4 c5 2. Nf3 Nc6 3. Nc3 g6 4. d4 cxd4 5. Nxd4 Bg7 6. Be3 Nf6 7. Be2 O-O 8.
O-O d5 9. f3 e5 10. Nxc6 bxc6 11. exd5 cxd5 12. Bc5 Re8 13. a4 a6 14. Rb1 Bb7
15. b4 d4 16. Na2 Nd5 17. Re1 Ne3 18. Qd2 Qg5 19. Bd1 Rad8 20. b5 e4 21. Bb6
Rd6 22. Bc7 Rd7 23. f4 Qxg2+ 24. Qxg2 Nxg2 25. Kxg2 Rxc7 26. bxa6 Bxa6 27. Rb6
Bb7 28. Nc1 Ra8 29. Rxb7 Rxb7 30. Rxe4 Rb1 0-1

[Event "Montcalm-ch"]
[Site "Quebec CAN"]
[Date "2003.05.01"]
[Round "1"]
[White "Sauve, Richard"]
[Black "Dion, Jean-Francois"]
[Result "1-0"]
[WhiteElo "1944"]
[BlackElo "1831"]
[PlyCount "75"]
[EventDate "2003.05.01"]
[EventType "tourn"]
[EventRounds "5"]
[EventCountry "CAN"]

1. d4 Nf6 2. c4 g6 3. Nc3 Bg7 4. e4 d6 5. f3 O-O 6. Be3 e5 7. d5 Nh5 8. Qd2 f5
9. exf5 gxf5 10. O-O-O a6 11. Bd3 Bd7 12. Kb1 Rf7 13. Nh3 f4 14. Bf2 Bf8 15.
Rdf1 Rg7 16. Rfg1 c6 17. g4 Nf6 18. Bh4 Be7 19. Bxf6 Bxf6 20. Nf2 h6 21. Nfe4
Be7 22. h4 b5 23. g5 h5 24. Rc1 bxc4 25. dxc6 Bxc6 26. Bxc4+ Kh8 27. Bd5 Ra7
28. Rhd1 Bxd5 29. Nxd5 Bf8 30. Ndf6 Rac7 31. Nxh5 Rxc1+ 32. Rxc1 Rb7 33. Nhf6
Kg7 34. Nc5 Re7 35. Qd5 Kg6 36. Nce4 Bg7 37. h5+ Kf5 38. Nxd6+ 1-0

[Event "Montcalm-ch"]
[Site "Quebec CAN"]
[Date "2003.05.08"]
[Round "2"]
[White "Audet-Bouchard, Nicolas"]
[Black "Sauve, Richard"]
[Result "1-0"]
[WhiteElo "2098"]
[BlackElo "1944"]
[PlyCount "69"]
[EventDate "2003.05.01"]
[EventType "tourn"]
[EventRounds "5"]
[EventCountry "CAN"]

1. e4 e6 2. d4 d5 3. Nc3 Nf6 4. Bg5 Bb4 5. e5 h6 6. Bd2 Bxc3 7. bxc3 Ne4 8. Qg4
g6 9. Bd3 Nxd2 10. Kxd2 c5 11. Nf3 Bd7 12. dxc5 Bc6 13. h4 Nd7 14. Bxg6 fxg6
15. Qxg6+ Kf8 16. Nd4 Nxc5 17. Rh3 Qe8 18. Qf6+ Qf7 19. Qxh8+ Ke7 20. Qxa8
Qxf2+ 21. Kc1 Qf1+ 22. Kb2 Na4+ 23. Ka3 Qa6 24. Qg8 Nb6+ 25. Kb2 Na4+ 26. Kc1
Qf1+ 27. Kd2 Qf2+ 28. Ne2 Nb2 29. Rf3 Nc4+ 30. Kd1 Ne3+ 31. Kc1 Qe1+ 32. Kb2
Nc4+ 33. Kb3 Nd2+ 34. Kb4 Qxh4+ 35. Rf4 1-0

[Event "Montcalm-ch"]
[Site "Quebec CAN"]
[Date "2003.05.08"]
[Round "2"]
[White "Dion, Jean-Francois"]
[Black "Bourassa, Real"]
[Result "1-0"]
[WhiteElo "1831"]
[BlackElo "1703"]
[PlyCount "89"]
[EventDate "2003.05.01"]
[EventType "tourn"]
[EventRounds "5"]
[EventCountry "CAN"]

1. d4 d5 2. Nf3 Nc6 3. c3 Nf6 4. Bf4 e6 5. e3 h6 6. h3 g5 7. Bh2 g4 8. Ne5 gxh3
9. gxh3 Nxe5 10. Bxe5 Bd6 11. Bxd6 Qxd6 12. Nd2 Rg8 13. Qf3 Ke7 14. O-O-O a5
15. e4 dxe4 16. Nxe4 Nxe4 17. Qxe4 Rg6 18. Bd3 Rf6 19. Rdf1 Bd7 20. Rhg1 Bc6
21. Qh4 Qf4+ 22. Qxf4 Rxf4 23. Rg3 b5 24. Kd2 b4 25. Ke3 Rh4 26. c4 a4 27. f4
Rd8 28. Rd1 f5 29. Rdg1 Be8 30. Bf1 Rc8 31. Rg7+ Kd6 32. c5+ Kd5 33. b3 axb3
34. axb3 e5 35. dxe5 Kxc5 36. Kf3 Kd4 37. Kg3 Rh5 38. Be2 Kc3 39. Bc4 Rd8 40.
Rxc7 Kb2 41. Rg2+ Kb1 42. Be2 Rd2 43. Bxh5 Rxg2+ 44. Kxg2 Bxh5 45. Rb7 1-0

[Event "Montcalm-ch"]
[Site "Quebec CAN"]
[Date "2003.05.08"]
[Round "2"]
[White "Grant, James"]
[Black "Martineau, Michel"]
[Result "1-0"]
[WhiteElo "1680"]
[BlackElo "1898"]
[PlyCount "57"]
[EventDate "2003.05.01"]
[EventType "tourn"]
[EventRounds "5"]
[EventCountry "CAN"]

1. d4 g6 2. c4 Bg7 3. Nf3 d6 4. e4 Nc6 5. d5 Ne5 6. Nxe5 Bxe5 7. Be2 f5 8. Nd2
Bg7 9. O-O Nf6 10. exf5 Bxf5 11. g4 Bd7 12. g5 Ng8 13. Nf3 Bh3 14. Re1 Qd7 15.
Nd4 O-O-O 16. Bf3 Be5 17. Be3 h6 18. Ne6 Re8 19. Bd4 hxg5 20. Bxe5 dxe5 21.
Rxe5 Qd6 22. Qe2 g4 23. Bg2 Bxg2 24. Kxg2 Rh5 25. Re1 Nf6 26. Rxh5 gxh5 27. Ng7
Rg8 28. Nf5 Qf4 29. Nxe7+ 1-0

[Event "Montcalm-ch"]
[Site "Quebec CAN"]
[Date "2003.05.15"]
[Round "3"]
[White "Bourassa, Real"]
[Black "Audet-Bouchard, Nicolas"]
[Result "0-1"]
[WhiteElo "1703"]
[BlackElo "2098"]
[PlyCount "106"]
[EventDate "2003.05.01"]
[EventType "tourn"]
[EventRounds "5"]
[EventCountry "CAN"]

1. d4 Nf6 2. c4 e6 3. Nc3 Bb4 4. a3 Bxc3+ 5. bxc3 c5 6. e3 O-O 7. Bd3 d5 8. Ne2
Nc6 9. O-O dxc4 10. Bxc4 Na5 11. Ba2 c4 12. Ng3 Qc7 13. Rb1 e5 14. Rb5 exd4 15.
exd4 b6 16. Re1 Bb7 17. Rbe5 Qc6 18. f3 Rae8 19. Nf5 Nd5 20. Rxd5 Qxd5 21. Ne7+
Rxe7 22. Rxe7 Nb3 23. Re5 Qd6 24. Bxb3 cxb3 25. Qxb3 Qg6 26. Kf2 Ba6 27. a4 h5
28. Ba3 Rc8 29. Re3 Bc4 30. Qd1 h4 31. Bb4 Qc6 32. Qc2 Be6 33. a5 bxa5 34. Bxa5
Qd6 35. Qe2 Rb8 36. Bb4 Qxh2 37. Rxe6 Qg3+ 38. Kf1 fxe6 39. Qxe6+ Kh8 40. Qf5
Qc7 41. Qh5+ Kg8 42. Qxh4 a5 43. Bc5 Rb1+ 44. Ke2 Rb2+ 45. Kf1 Qc8 46. Qe4 Qa6+
47. Kg1 Re2 48. Qd5+ Qe6 49. Qa8+ Kh7 50. d5 Qg6 51. Bf2 Qb1+ 52. Kh2 Rxf2 53.
Qe8 Qg6 0-1